Movies Quiz

Random Movies or Rap Quiz

Mean Girls 'Kevin G' Rap Quiz Stats

Quiz Updated Jun 1, 2013

Also try: Mean Girls Quotes
Challenge
Share
Tweet
Embed
Score 0/88 Timer 04:00
1 Play Today
Lyrics % Correct
a
92.3%
Kevin
91.1%
the
88.9%
The
88.9%
the
88.9%
the
88.9%
you
87.6%
you
87.6%
you
87.6%
you
87.6%
me!
84.4%
me,
84.4%
OOH!
84.1%
on
83.3%
on
83.3%
I
82.5%
I
82.5%
yo!
79.3%
yo,
79.3%
Yo,
79.3%
All
76.7%
to
75.9%
got
75.4%
nothin'
74.5%
to
73.3%
sucka
72.3%
not
71.7%
MCs
70.3%
I'm
69.9%
I'm
69.9%
Lyrics % Correct
I'm
69.9%
ain't
69.3%
And
69.2%
floor.
68.2%
bathroom
67.5%
like
66.6%
like
66.6%
like
66.6%
Kevin G!
64.5%
KEVIN G!
64.5%
mathlete,
64.1%
my
63.7%
my
63.7%
love
62.6%
be
61.5%
your
60.8%
your
60.8%
From
59.8%
it
58.9%
it
58.9%
woman
56.4%
can't
56.1%
nerd
54.8%
is
54.2%
touch
52.8%
know
50.9%
make
49.9%
was
49.6%
door.
49%
third,
48%
Lyrics % Correct
James
47.8%
when
47.4%
see
47%
Bond
46.7%
what
46.4%
she'll
45.9%
grades,
45.7%
time
45.3%
next
45.2%
her
45%
heard
44.8%
'cause
43.1%
silent
42.5%
stirred
42.2%
don't
41.5%
sh-sh-sh-shaken
41.4%
sneak
41.3%
through
41.2%
you'll
40.4%
Shaggy
40.3%
Gnapoor!
40.2%
forget
39.7%
play
39%
so
37.8%
lines
35.7%
but
35.3%
G's
33%
inferred,
25.9%

You're not logged in!

Compare scores with friends on all Sporcle quizzes.
Sign Up with Email
OR
Log In

You Might Also Like...

Show Comments

Extras

Top Quizzes Today


Score Distribution

Your Account Isn't Verified!

In order to create a playlist on Sporcle, you need to verify the email address you used during registration. Go to your Sporcle Settings to finish the process.

Report this User

Report this user for behavior that violates our Community Guidelines.

Details: